000 00295 a2200133 4500
001 48039
040 _cAnchieta - Aquarius
100 _aAzevedo, Aluísio
240 1 0 _aA condessa Vésper
_lpor
245 1 0 _aA condessa Vésper
300 _a291
650 4 _aLiteratura brasileira
942 _cBK
999 _c48039
_d48039